Khúc thương yêu

Сохранить в:
Библиографические подробности
Главный автор: Trần Hữu Nghiễm
Формат:
Язык:Undetermined
Опубликовано: Tp. HCM Trẻ 1999
Предметы:
Метки: Добавить метку
Нет меток, Требуется 1-ая метка записи!
Thư viện lưu trữ: Trung tâm Học liệu Trường Đại học Cần Thơ
LEADER 00509nam a2200169Ia 4500
001 CTU_34125
008 210402s9999 xx 000 0 und d
082 |a 895.9221 
082 |b Ngh304k 
100 |a Trần Hữu Nghiễm 
245 0 |a Khúc thương yêu 
245 0 |c Trần Hữu Nghiễm 
260 |a Tp. HCM 
260 |b Trẻ 
260 |c 1999 
650 |a vietnamese poetry - 20th century,vietnamese poetry - collections 
980 |a Trung tâm Học liệu Trường Đại học Cần Thơ